000
00329nam a22001457a 4500
003
SGT
082
_a
617.643
_b
D21S
100
_a
Shah, Palak
245
_a
Diagnosis in Orthodontics
260
_a
Gurugram, Haryana
_b
SGT University
_c
2021
300
_a
170
650
_a
Orthodontics
653
_a
Orthodontics
942
_2
ddc
_c
TH
999
_c
23618
_d
23618